Inazuma Eleven - Toutes les supertechniques GCG - Statistiques

Statistiques générales
  • Ce quiz a été pris 87 fois
  • Le résultat moyen est 14 sur 35
Statistiques - réponses
Equipe Réponse % Correct
Big Waves Mégalodon
94%
Loups d'Ouzbékistan Ruée vers l'or
59%
Dragons de feu Coup de feu
50%
Falam Medius Eclair volcanique
50%
Falam Medius Massue de roche
50%
Armada Ixar Tempête stellaire
50%
Falam Medius Claque fouettée
48%
Falam Medius Cris d'Eden
48%
Dragons de feu Paumes explosives
48%
Dragons de feu Balayette enflammée
46%
Naiadi Mur d'eau
46%
Armada Ixar Rayon de la justice
44%
Naiadi Tir effervescent
44%
Loups d'Ouzbékistan Route de la soie
43%
Sabres du désert Marée noire
41%
Magmavia Roche volcanique
41%
Naiadi Flèche aquatique
39%
Big Waves Maelström
39%
Silica Poing de sable
39%
Fertilia Saut fongus
39%
Loups d'Ouzbékistan Scie de guerre
37%
Loups d'Ouzbékistan Bras élastiques
35%
Falam Medius Ecran rebondissant
35%
Silica Tunnel express
35%
Tigres de Thaïlande Arrêt du coude
33%
Falam Medius Défense holographique
33%
Silica Forage express
33%
Fertilia Tentacule de blocage
33%
Magmavia Flot de lave
31%
Armada Ixar L'empreinte du fauve
31%
Silica Missile des sables
31%
Sabres du désert Calcination
30%
Tigres de Thaïlande Frappe d'éléphant
30%
Tigres de Thaïlande Lame de faux
30%
Fertilia Contrôle végétal
28%
Aucun quiz correspondant
Distribution des résultats
% des personnes avec chaque résultat
Percentile par nombre de réponses
Votre historique - résultats
Vous n’avez pas pris ce quiz